01622nam a2200253 a 450000100100000000500170001000800410002704000250006808200170009311101890011024501540029926000350045330000370048859000260052565000920055165000870064371001060073091000370083695201210087395201210099495201150111595201210123099900170135100002680420200930030424.0110325s1995 dr ad 000 0 spa d aDO-SdBNPbspacBNPHU a615.1bC749p2 aCongreso Nacional sobre Medicamentos : la empresa farmacéutica en ruta hacia el siglo XXI: calidad, desarrollo y globalizaciónn(4a. :d1995, ago. 31-2 sep.:cSanto Domingo)95391310aPonencias del IV Congreso Nacional sobre Medicamentos :bla empresa farmacéutica en ruta hacia el siglo XXI: calidad, desarrollo y globalización. aSanto Domingo :bARAPF,c1995. a101 p. :bil., gráf. ;c28 cm. aInventariado, 2018/LP 4aIndustria farmacéuticazRepública DominicanaxCongresos, conferencias , etc.953914 4aIndusria farmacéuticaxControl de calidadxCongresos, conferencias , etc.9539152 aAsociación de Representantes, Agentes y Productores Farmacéuticos (República Dominicana)953916 aValidado. Control de calidad MFF 0011718DSaGRbGRcMId2011-05-17iLF1l0o615.1 C749pp26804-30r2020-06-25te. 3w2020-06-25yLFDSZNo se presta 0011718DSaGRbGRcMId2011-05-17iLF1l0o615.1 C749pp26804-40r2020-06-25te. 4w2020-06-25yLFDSZNo se presta 0010718PDaPDbPDcHDd2011-03-25iLF1l0o615.1 C749pp26804-10r2020-06-25w2020-06-25yLFPDZNo se presta 0010718PDaPDbPDcHDd2011-03-25iLF1l0o615.1 C749pp26804-20r2020-06-25te. 2w2020-06-25yLFPDZNo se presta c26296d26296